000 00570nam a22002057a 4500
005 20251108164729.0
008 250721s1992 xx 000 0 ara d
082 1 4 _a615/عمر
100 1 _aشاهين، عمر
245 1 0 _aعلم الأدوية /
246 1 1 _aPHARMACOLOGY
264 1 _aعمان :
_bدار الفكر للنشر و التوزيع،
_c1992.
300 _aج
650 1 7 _aالأدوية
650 1 7 _aعلم الصيدلة
700 1 _aالعظمه، نذير
700 1 _aالزميلي، سهيل
942 _2ddc
_cBK
999 _c12957
_d12957